000 01052nam a22002057a 4500
008 100721s1998 xxu||||| |||| 00| 0 ara d
082 _222
_a658.4052
_bن ي ر
100 1 _916589
_aنيرنبرج ، جيرارد إ .
245 _aأسس التفاوض /
_cجيرارد إ . نيرنبرج ؛ ترجمة حازم عبد الرحمن ؛ مراجعة حسن محمد وجيه
260 _aالقاهرة :
_bالمكتبة الأكاديمية ،
_c1998.
300 _a366 ص ؛
_c24 سم.
504 _aيحتوى على إرجاعات ببليوجرافية
541 _aألف باء ؛
_cشراء ؛
650 _916590
_aالمفاوضات
650 _916591
_aإدارة الأعمال
700 _916592
_aعبد الرحمن ، حازم
_eترجمة
700 _916593
_aوجيه ، حسن محمد
_eمراجعة
942 _2ddc
_cBB
999 _c14520
_d14520